000 00310nam a22001337a 4500
008 170327b xxu||||| |||| 00| 0 eng d
020 _a9780721697734
041 _aeng
080 _24 ED
_a615.83
100 _a8
101 _aSHM
245 _aPHYSICAL EXAMINATION HEALTH ASSEMENT
_cJARVIS.C
942 _2udc
_cBK
999 _c8681
_d8681